Valparaíso: cambio y proyección. Ciudad, puerto, región y patrimonio
Gespeichert in:
| Körperschaft: | |
|---|---|
| Format: | Buch |
| Sprache: | Spanisch |
| Veröffentlicht: |
Valparaíso
USM Editorial
2018
|
| Ausgabe: | 1a. ed |
| Schlagworte: | |
| Tags: |
Tag hinzufügen
Keine Tags, Fügen Sie den ersten Tag hinzu!
|
MARC
| LEADER | 00000cam a2200000 a 4500 | ||
|---|---|---|---|
| 001 | UCC9240 | ||
| 003 | CL-VaPUC | ||
| 008 | 190914e20180000cl |||||||||||||||||spa|d | ||
| 020 | |a 9789563560732 | ||
| 082 | 0 | 4 | |a 711.57 |b CON |2 21 |
| 110 | 2 | |a Consejo de Rectores de Valparaíso |e author |9 604203 | |
| 245 | 1 | 0 | |a Valparaíso: cambio y proyección. Ciudad, puerto, región y patrimonio |
| 250 | |a 1a. ed | ||
| 300 | |a 155 p | ||
| 651 | 0 | |a Valparaíso, Chile |9 261144 | |
| 942 | |c BK | ||
| 945 | |d 20190914 23:07:00 |a dcastane | ||
| 260 | |a Valparaíso |b USM Editorial |c 2018 | ||
| 650 | 0 | |a Patrimonio cultural |9 309364 | |
| 650 | 7 | |a DESARROLLO URBANO |2 CL-VaPUC |9 604204 | |
| 650 | 7 | |a GESTION PATRIMONIAL |2 CL-VaPUC |9 530509 | |
| 583 | |a last modification |c 20190914 23:07:00 |k Rodrigo Vera | ||
| 999 | |c 375433 |d 375431 | ||
| 952 | |0 0 |1 0 |3 erb |4 0 |6 711_570000000000000_CON_2018 |7 0 |8 A |9 494399 |a BIBARQ |b BIBARQ |i 560012K |l 3 |m 2 |o 711.57 CON 2018 |p 560012K |r 2025-01-20 |s 2024-06-12 |w 2019-11-24 |y BK |z Catalogado en:20190914 |k ARQ | ||